US States of TV Quiz Stats

 Plays Quiz Updated Aug 6, 2018

Score 0/24 Timer 04:00
3 Plays Today
TV Show State % Correct
FriendsNew York
90.5%
Friday Night LightsTexas
73.8%
Crime Scene Investigation (CSI)Nevada
70.5%
South ParkColorado
64.9%
Family GuyRhode Island
64.1%
The Drew Carey ShowOhio
63.5%
The OfficePennsylvania
62.6%
That '70s ShowWisconsin
59.1%
Home ImprovementMichigan
53.5%
The Dukes of HazzardGeorgia
44.2%
Magnum, P.I.Hawaii
43.6%
DexterFlorida
40.8%
TV Show State % Correct
Family MattersIllinois
37.4%
The WireMaryland
35.3%
True BloodLouisiana
32.9%
The MentalistCalifornia
32.7%
Gilmore GirlsConnecticut
32.1%
HouseNew Jersey
30.9%
Breaking BadNew Mexico
24%
Twin PeaksWashington
21.6%
One Tree HillNorth Carolina
19.9%
GunsmokeKansas
18.1%
St. ElsewhereMassachusetts
13.3%
The Vampire DiariesVirginia
7.5%

You're not logged in!

Compare scores with friends on all Sporcle quizzes.
OR
Log In

You Might Also Like...

Show Comments

Extras

Top Quizzes Today


Score Distribution

Your Account Isn't Verified!

In order to create a playlist on Sporcle, you need to verify the email address you used during registration. Go to your Sporcle Settings to finish the process.

Report this User

Report this user for behavior that violates our Community Guidelines.

Details: